[Event "TIPC 2007 Open"]
[Site "Charleroi"]
[Date "2007.07.30"]
[Round "3.6"]
[White "Thompson, Lan"]
[Black "Noiroux, Kevin"]
[Result "1-0"]
[WhiteElo "2322"]
[BlackElo "2071"]
[PlyCount "109"]

1. c4 Nf6 2. Nc3 e6 3. e4 d5 4. e5 Ne4 5. Nxe4 dxe4 6. Qg4 Nc6 7. Qxe4 Qd4 8.
Qxd4 Nxd4 9. Bd3 Bd7 10. Ne2 Bc5 11. O-O Bc6 12. Nxd4 Bxd4 13. Re1 O-O-O 14.
Be4 Bxe4 15. Rxe4 Rd7 16. Rb1 Rhd8 17. Kf1 a5 18. b3 Bc5 19. Ke1 g5 20. Re2 g4
21. Bb2 Rd3 22. Rc1 a4 23. Bc3 axb3 24. axb3 Bd4 25. Bxd4 R8xd4 26. Rc3 h5 27.
Rxd3 Rxd3 28. Re3 Rd4 29. f3 Kd7 30. fxg4 Rxg4 31. Kf2 Kc6 32. Rh3 h4 33. Kf3
Rd4 34. Ke3 Kc5 35. Rf3 Rd7 36. Rf4 Kb4 37. Rxh4 Kxb3 38. Rd4 Re7 39. Kd3 c6
40. c5 b5 41. cxb6 Rb7 42. h4 Rxb6 43. h5 c5 44. Rd7 Rb4 45. Rxf7 Rd4+ 46. Ke3
Rd5 47. h6 Rxe5+ 48. Kf4 Rh5 49. h7 Kc2 50. g4 Rh1 51. Rd7 c4 52. g5 Rh5 53. g6
e5+ 54. Ke4 Kb3 55. Rd8 1-0

[Event "TIPC 2007 Open"]
[Site "Charleroi"]
[Date "2007.07.30"]
[Round "3.7"]
[White "De Reymaeker, Walter"]
[Black "Maes, Wim"]
[Result "0-1"]
[WhiteElo "2057"]
[BlackElo "2319"]
[PlyCount "134"]

1. e4 c5 2. Nc3 e6 3. f4 d5 4. Nf3 d4 5. Bb5+ Bd7 6. Bxd7+ Qxd7 7. Ne2 d3 8.
cxd3 Nc6 9. d4 cxd4 10. d3 Nf6 11. O-O Bc5 12. h3 O-O 13. Ng3 Qc7 14. Bd2 Qb6
15. Ne5 Rac8 16. Nh5 Nxh5 17. Nc4 Qa6 18. Qxh5 Bb4 19. Qe2 b5 20. Ne5 Qa4 21.
Nf3 Rfd8 22. a3 Bxd2 23. Qxd2 Na5 24. Qb4 Nb3 25. Rad1 Qxb4 26. axb4 Rc2 27.
Rf2 Rdc8 28. Rxc2 Rxc2 29. Rb1 f6 30. e5 Kf7 31. g4 Re2 32. exf6 gxf6 33. g5
Re3 34. Rf1 Rxd3 35. gxf6 Kxf6 36. Ng5 h6 37. Ne4+ Ke7 38. f5 exf5 39. Rxf5
Rxh3 40. Rxb5 Re3 41. Re5+ Kf7 42. Kg2 Rd3 43. Kf2 Rd1 44. Ke2 Rb1 45. Rb5
Rxb2+ 46. Kd3 Ra2 47. Kc4 Nd2+ 48. Kxd4 Nxe4 49. Kxe4 Kg6 50. Kf4 Ra6 51. Kg4
Rb6 52. Ra5 Rxb4+ 53. Kg3 Rb7 54. Kg4 Kf6 55. Kh5 Ke6 56. Kxh6 Kd6 57. Kg5 Kc6
58. Kf4 Re7 59. Rh5 a6 60. Kf3 Re6 61. Kf4 Kb6 62. Kf5 Re1 63. Kf4 a5 64. Kf3
a4 65. Rh8 Kc5 66. Kf2 Re5 67. Rb8 Kc4 0-1

[Event "TIPC 2007 Open"]
[Site "Charleroi"]
[Date "2007.07.30"]
[Round "3.8"]
[White "Mohandesi, Shahin"]
[Black "Marville, Gregoire"]
[Result "0-1"]
[WhiteElo "2318"]
[BlackElo "2040"]
[PlyCount "44"]

1. Nf3 d5 2. c4 e6 3. d4 Nf6 4. Nc3 c6 5. e3 Bd6 6. Bd3 Nbd7 7. e4 dxe4 8. Nxe4
Nxe4 9. Bxe4 e5 10. O-O O-O 11. dxe5 Nxe5 12. Nxe5 Bxe5 13. Bxh7+ Kxh7 14. Qh5+
Kg8 15. Qxe5 Re8 16. Qf4 Qd3 17. b3 Re4 18. Qc7 Rg4 19. Bf4 Rxg2+ 20. Kh1 Bh3
21. f3 Qe2 22. Be3 Rg1+ 0-1

[Event "TIPC 2007 Open"]
[Site "Charleroi"]
[Date "2007.07.30"]
[Round "3.9"]
[White "Schut, Donna"]
[Black "Henris, Luc"]
[Result "0-1"]
[WhiteElo "2030"]
[BlackElo "2294"]
[PlyCount "38"]

1. e4 e5 2. Nf3 d6 3. d4 exd4 4. Nxd4 Nf6 5. Nc3 Be7 6. Bf4 O-O 7. Qd2 d5 8.
Ndb5 c6 9. Nc7 g5 10. Be5 Nbd7 11. Bxf6 Nxf6 12. Nxa8 d4 13. Ne2 Nxe4 14. Qxd4
Qa5+ 15. c3 Bf5 16. b4 Qa3 17. f3 Nxc3 18. Qc4 Bxb4 19. Qb3 Nxa2+ 0-1

[Event "TIPC 2007 Open"]
[Site "Charleroi"]
[Date "2007.07.30"]
[Round "3.10"]
[White "Van Mechelen, Jan"]
[Black "Schut, Lisa"]
[Result "1-0"]
[WhiteElo "2292"]
[BlackElo "1912"]
[PlyCount "55"]

1. e4 c5 2. Nc3 g6 3. g3 Bg7 4. Bg2 d6 5. d3 e6 6. Be3 Nc6 7. Qd2 Nd4 8. Nd1
Ne7 9. c3 Ndc6 10. Bh6 O-O 11. Bxg7 Kxg7 12. Ne2 b5 13. O-O Rb8 14. Ne3 Bb7 15.
d4 Qb6 16. d5 exd5 17. exd5 Ne5 18. f4 Nd7 19. f5 Nf6 20. g4 g5 21. h4 h6 22.
hxg5 hxg5 23. Nc4 bxc4 24. Qxg5+ Ng6 25. fxg6 fxg6 26. Nf4 Nh7 27. Qe7+ Kh6 28.
Ne6 1-0

[Event "TIPC 2007 Open"]
[Site "Charleroi"]
[Date "2007.07.30"]
[Round "4.1"]
[White "Buhmann, Rainer"]
[Black "Van Mechelen, Jan"]
[Result "1-0"]
[WhiteElo "2583"]
[BlackElo "2292"]
[PlyCount "87"]

1. Nf3 Nf6 2. c4 g6 3. Nc3 Bg7 4. e4 d6 5. d4 O-O 6. Be2 e5 7. O-O Nc6 8. d5
Ne7 9. b4 c6 10. Bb2 a5 11. bxa5 c5 12. Nd2 Rxa5 13. Nb5 Ra6 14. a4 Nd7 15. Ra3
f5 16. f4 Rf7 17. exf5 gxf5 18. Bh5 Ng6 19. Qe1 e4 20. Qa1 Bxb2 21. Qxb2 Rg7
22. Bxg6 Rxg6 23. Rf2 Nf6 24. Nf1 Bd7 25. Ne3 Ng4 26. Re2 Nxe3 27. Rexe3 Bxb5
28. axb5 Rxa3 29. Rxa3 Qh4 30. Ra8+ Kf7 31. Qf2 Qe7 32. Qe3 Rg8 33. Ra7 Rd8 34.
Qh3 Kg8 35. Qxf5 e3 36. Qg5+ Qxg5 37. fxg5 Re8 38. Kf1 Re4 39. Ke2 Rxc4 40.
Rxb7 Rg4 41. b6 Rxg2+ 42. Kxe3 Rb2 43. Ke4 Rb4+ 44. Kf5 1-0

[Event "TIPC 2007 Open"]
[Site "Charleroi"]
[Date "2007.07.30"]
[Round "4.2"]
[White "Le Quang, Kim"]
[Black "Hovhanisian, Mher"]
[Result "0-1"]
[WhiteElo "2284"]
[BlackElo "2422"]
[PlyCount "82"]

1. e4 e6 2. d4 d5 3. e5 Bd7 4. Nf3 a6 5. Be2 c5 6. c3 cxd4 7. cxd4 Bb5 8. Nc3
Bxe2 9. Nxe2 Bb4+ 10. Bd2 Bxd2+ 11. Qxd2 Nc6 12. O-O Nge7 13. Rfc1 Nf5 14. Rc5
O-O 15. Rac1 Nh4 16. Nxh4 Qxh4 17. Nf4 Rae8 18. R5c3 f6 19. Rh3 Qg4 20. f3 Qf5
21. g4 Qg5 22. Rh5 Nxd4 23. Kg2 Qxe5 24. Rxe5 fxe5 25. Nh5 Nxf3 26. Qe3 Rf7 27.
Qb6 g6 28. Rc7 Ne1+ 29. Kg1 Nf3+ 30. Kf2 gxh5 31. Rxf7 Kxf7 32. Kxf3 hxg4+ 33.
Kxg4 Re7 34. Kg5 Rd7 35. Kh6 d4 36. h4 d3 37. Qf2+ Ke7 38. Qd2 e4 39. Kg5 e3
40. Qb4+ Ke8 41. Qc3 d2 0-1

[Event "TIPC 2007 Open"]
[Site "Charleroi"]
[Date "2007.07.30"]
[Round "4.3"]
[White "Jadoul, M."]
[Black "Bolzoni, Victor Angel"]
[Result "0-1"]
[WhiteElo "2337"]
[BlackElo "2240"]
[PlyCount "60"]

1. b3 e5 2. Bb2 d6 3. e3 Nf6 4. d4 exd4 5. Qxd4 Bf5 6. Bd3 Nc6 7. Qf4 Bxd3 8.
cxd3 Be7 9. Nc3 O-O 10. Nf3 Qd7 11. O-O Rfe8 12. e4 Nh5 13. Qd2 Ne5 14. Nd4 c6
15. f4 Ng6 16. Nf5 Bd8 17. g4 Nf6 18. Qg2 Ne7 19. Kh1 Nxf5 20. gxf5 Kh8 21. Rg1
Rg8 22. Qh3 Bb6 23. e5 Bxg1 24. Rxg1 dxe5 25. fxe5 Nd5 26. Rg5 h6 27. e6 Nf4
28. Qh4 Qxd3 29. Qxh6+ gxh6 30. Ne4+ f6 0-1

[Event "TIPC 2007 Open"]
[Site "Charleroi"]
[Date "2007.07.30"]
[Round "4.4"]
[White "Marville, Gregoire"]
[Black "Thompson, Lan"]
[Result "1/2-1/2"]
[WhiteElo "2040"]
[BlackElo "2322"]
[PlyCount "46"]

1. d4 d5 2. Bf4 Nf6 3. e3 c5 4. dxc5 Nc6 5. Bb5 Bf5 6. Ne2 a5 7. Nbc3 Bg6 8.
Nd4 Qc8 9. Ba4 Nd7 10. Ndb5 e5 11. Bg3 Bxc5 12. Nxd5 O-O 13. O-O Rd8 14. Bh4 f6
15. Nbc7 Nb6 16. Bb3 Bf7 17. Nxf6+ gxf6 18. Bxf7+ Kxf7 19. Qh5+ Kg7 20. Bxf6+
Kxf6 21. Qh6+ Kf7 22. Qxh7+ Kf6 23. Qh6+ Kf7 1/2-1/2

[Event "TIPC 2007 Open"]
[Site "Charleroi"]
[Date "2007.07.30"]
[Round "4.5"]
[White "Maes, Wim"]
[Black "Schut, Han"]
[Result "1/2-1/2"]
[WhiteElo "2319"]
[BlackElo "2190"]
[PlyCount "66"]

1. e4 e6 2. d3 d5 3. Nd2 Nf6 4. Ngf3 Nc6 5. g3 dxe4 6. dxe4 e5 7. Bg2 Bc5 {(=)}
8. O-O O-O 9. h3 a5 10. c3 Qd3 11. Re1 h6 12. Bf1 Qd6 13. Qe2 b6 14. Nb3 Ba6
15. Qc2 Bxf1 16. Rxf1 Rfd8 17. Kg2 a4 18. Nxc5 Qxc5 19. Qe2 Na5 20. Re1 Nc4 21.
Nh4 Kf8 22. Nf5 Nd6 23. Be3 Qc6 24. Nxd6 Rxd6 25. f3 Rad8 26. Rad1 Rxd1 27.
Rxd1 Rxd1 28. Qxd1 a3 29. Qb3 {(=)} axb2 30. Qxb2 Ne8 31. Qb4+ Nd6 32. a4 Kg8
33. Bf2 Nc4 1/2-1/2

[Event "TIPC 2007 Open"]
[Site "Charleroi"]
[Date "2007.07.30"]
[Round "4.6"]
[White "Henris, Luc"]
[Black "Sclacmender, Julien"]
[Result "1/2-1/2"]
[WhiteElo "2294"]
[BlackElo "2131"]
[PlyCount "31"]

1. e4 d5 2. exd5 Nf6 3. Nf3 Nxd5 4. Bc4 e6 5. O-O Be7 6. d4 O-O 7. c3 Nd7 8.
Nbd2 N7f6 9. Re1 c5 10. dxc5 Bxc5 11. Nb3 Bd6 12. Nbd4 a6 13. Bb3 Qc7 14. c4
Nf4 15. Ne2 Ng6 16. Nc3 1/2-1/2

[Event "TIPC 2007 Open"]
[Site "Charleroi"]
[Date "2007.07.30"]
[Round "4.7"]
[White "Vivone, Santino"]
[Black "Hetey, Laszio"]
[Result "0-1"]
[WhiteElo "2021"]
[BlackElo "2344"]
[PlyCount "50"]

1. e4 c5 2. Nf3 Nc6 3. d4 cxd4 4. Nxd4 g6 5. Be3 Nf6 6. Nc3 Bg7 7. Be2 O-O 8.
O-O d6 9. Nb3 a6 10. a4 b6 11. f4 Nd7 12. Bf3 Bb7 13. Qd2 Nc5 14. Nd4 Rc8 15.
Nce2 Na5 16. Nc3 Nc4 17. Qe2 Nd7 18. Rab1 Nxb2 19. Rxb2 Rxc3 20. Rfb1 Qc7 21.
Bg4 Bxe4 22. Bxd7 Qxd7 23. Rxb6 Qxa4 24. Rxa6 Qc4 25. Qxc4 Rxc4 0-1

[Event "TIPC 2007 Open"]
[Site "Charleroi"]
[Date "2007.07.30"]
[Round "4.8"]
[White "Jourdain, Jean François"]
[Black "Denayer, Eric"]
[Result "1/2-1/2"]
[WhiteElo "2091"]
[BlackElo "2276"]
[PlyCount "51"]

1. e4 b6 2. d4 Bb7 3. Bd3 Nf6 4. Qe2 Nc6 5. c3 e5 6. Nf3 d6 7. O-O Nd7 8. Be3
Be7 9. Ba6 Qc8 10. Bxb7 Qxb7 11. d5 Ncb8 12. Ng5 h6 13. Nh3 g5 14. Nd2 Nf6 15.
f3 Nbd7 16. g3 c6 17. c4 c5 18. Nf2 Rg8 19. Ng4 Rg6 20. Kh1 O-O-O 21. b4 h5 22.
Nxf6 Nxf6 23. bxc5 dxc5 24. a4 h4 25. g4 a5 26. f4 1/2-1/2

[Event "TIPC 2007 Open"]
[Site "Charleroi"]
[Date "2007.07.30"]
[Round "4.9"]
[White "Coibion, Charles"]
[Black "Vanderwaeren, Serge"]
[Result "0-1"]
[WhiteElo "1872"]
[BlackElo "2225"]
[PlyCount "88"]

1. e4 Nf6 2. d3 d5 3. Nd2 c5 4. Ngf3 Nc6 5. Be2 e5 6. O-O Be7 7. exd5 Nxd5 8.
Nc4 f6 9. a4 O-O 10. c3 Kh8 11. Qb3 Rb8 12. Be3 b6 13. Qc2 Bf5 14. Rfd1 a6 15.
h3 b5 16. axb5 axb5 17. Ncd2 Qb6 18. Nf1 Rbc8 19. Qb1 Be6 20. Bd2 Rfd8 21. Ne3
Nf4 22. Bf1 Bb3 23. Re1 Bf7 24. Nf5 Bf8 25. Bxf4 exf4 26. Nd2 g6 27. Nh4 Ne5
28. Nhf3 Nc6 29. Qc1 g5 30. Ne4 Bg7 31. Kh1 h6 32. Qc2 f5 33. Ned2 Re8 34. Rad1
Bf6 35. Rc1 Kg7 36. Rcd1 h5 37. Nh2 Bg6 38. Rc1 g4 39. hxg4 hxg4 40. g3 Qc7 41.
Rxe8 Rxe8 42. gxf4 Qxf4 43. Bg2 Re2 44. Bxc6 Rxd2 0-1

[Event "TIPC 2007 Open"]
[Site "Charleroi"]
[Date "2007.07.30"]
[Round "4.10"]
[White "Smokina, Karolina"]
[Black "Krasucki, Youri"]
[Result "1/2-1/2"]
[WhiteElo "2205"]
[BlackElo "2047"]
[PlyCount "68"]

1. d4 Nf6 2. c4 Nc6 3. Nc3 e5 4. d5 Ne7 5. e4 Ng6 6. Be3 Bb4 7. Bd3 O-O 8. g3
d6 9. h3 Bxc3+ 10. bxc3 b6 11. a4 a5 12. Ra2 Qe7 13. h4 Qd8 14. h5 Ne7 15. f3
Nd7 16. g4 Nc5 17. Nh3 Bd7 18. Bc2 Qc8 19. Nf2 Qa6 20. Qe2 c6 21. g5 f5 22.
gxf6 Rxf6 23. Bg5 Rf7 24. Ng4 Raf8 25. Ne3 Kh8 26. Bxe7 Rxe7 27. Nf5 Bxf5 28.
exf5 e4 29. Bxe4 cxd5 30. cxd5 Qxe2+ 31. Rxe2 Nxa4 32. c4 Rc8 33. Bd3 Rxe2+ 34.
Kxe2 Nb2 {(=)} 1/2-1/2

[Event "TIPC 2007 Open"]
[Site "Charleroi"]
[Date "2007.07.31"]
[Round "5.1"]
[White "Hovhanisian, Mher"]
[Black "Buhmann, Rainer"]
[Result "1/2-1/2"]
[WhiteElo "2422"]
[BlackElo "2583"]
[PlyCount "44"]

1. d4 d5 2. c4 c6 3. e3 Nf6 4. Nc3 a6 5. Nf3 b5 6. b3 Bg4 7. Bd3 e6 8. O-O Be7
9. Bb2 O-O 10. Qc2 Bxf3 11. gxf3 Nbd7 12. f4 c5 13. dxc5 dxc4 14. bxc4 Nxc5 15.
Rfd1 Nxd3 16. Rxd3 Qc8 17. cxb5 axb5 18. Qd1 Qb7 19. Ne2 Rfc8 20. a3 Rc4 21.
Rb1 Rac8 22. Ng3 Ne4 1/2-1/2

[Event "TIPC 2007 Open"]
[Site "Charleroi"]
[Date "2007.07.30"]
[Round "5.2"]
[White "Bolzoni, Victor Angel"]
[Black "Hetey, Laszio"]
[Result "0-1"]
[WhiteElo "2240"]
[BlackElo "2344"]
[PlyCount "86"]

1. e4 c5 2. Nf3 Nc6 3. d4 cxd4 4. c3 dxc3 5. Nxc3 e6 6. Bc4 d6 7. O-O Nf6 8.
Qe2 a6 9. Rd1 Qc7 10. Bf4 Be7 11. e5 Nh5 12. exd6 Nxf4 13. dxc7 Nxe2+ 14. Bxe2
Bd7 15. Na4 Rc8 16. Nb6 Rxc7 17. Rac1 Bd8 18. Rc3 Nb8 19. Rcd3 Bf6 20. R3d2 Bc6
21. Ne5 O-O 22. f4 Bb5 23. Bxb5 axb5 24. Nbd7 Nxd7 25. Nxd7 Ra8 26. Nb6 Re8 27.
b3 Rc6 28. Nd7 Bc3 29. Rd3 b4 30. Kf1 h6 31. Rd6 Ra8 32. Nb6 Rxd6 33. Rxd6 Rxa2
34. Rd8+ Kh7 35. h4 Kg6 36. g4 h5 37. f5+ exf5 38. Rd6+ f6 39. g5 Rd2 40. Nd5
Kf7 41. g6+ Kxg6 42. Nf4+ Kh6 43. Re6 Be5 0-1

[Event "TIPC 2007 Open"]
[Site "Charleroi"]
[Date "2007.07.31"]
[Round "5.3"]
[White "Thompson, Ian"]
[Black "Schut, Han"]
[Result "1/2-1/2"]
[WhiteElo "2322"]
[BlackElo "2190"]
[PlyCount "78"]

1. c4 c5 2. g3 Nf6 3. Bg2 Nc6 4. Nc3 e6 5. Nf3 d5 6. cxd5 Nxd5 7. O-O Be7 8.
Nxd5 exd5 9. d4 O-O 10. Bf4 Be6 11. dxc5 Bxc5 12. Rc1 Bb6 13. Ne5 Rc8 14. Nxc6
bxc6 15. b4 a5 16. a3 axb4 17. axb4 c5 18. bxc5 Bxc5 19. Qd2 h6 20. h4 Re8 21.
Rcd1 Qe7 22. Bxd5 Bxd5 23. Qxd5 Qxe2 {(=)} 24. Rd2 Qe7 25. Rfd1 Bb4 26. Rd3 Bc5
27. Qf3 Red8 28. Rxd8+ Rxd8 29. Rxd8+ Qxd8 30. Kg2 Qe7 31. h5 Qe1 32. g4 Qe7
33. Bg3 Bd6 34. Qa8+ Qf8 35. Qxf8+ Bxf8 36. Kf3 f6 37. Ke4 Kf7 38. Kd5 Bb4 39.
Bd6 Be1 1/2-1/2

[Event "TIPC 2007 Open"]
[Site "Charleroi"]
[Date "2007.07.31"]
[Round "5.4"]
[White "Sclacmender, Julien"]
[Black "Maes, Wim"]
[Result "0-1"]
[WhiteElo "2131"]
[BlackElo "2319"]
[PlyCount "56"]

1. e4 c5 2. Nf3 e6 3. d4 cxd4 4. Nxd4 Nc6 5. Nc3 Qc7 6. Be2 a6 7. Be3 Nf6 8.
O-O Bb4 9. Na4 Be7 10. Nxc6 bxc6 11. Nb6 Rb8 12. Nxc8 Qxc8 13. Bd4 {(=)} c5 14.
Be5 Rb6 15. b3 O-O 16. Qd3 d6 17. Bc3 Nd7 18. Rad1 Bf6 19. Ba5 Rc6 20. Qg3 Qb8
21. Rd2 Re8 22. Rfd1 Be7 23. Bc3 Bf8 24. Bf1 Qc7 25. f4 c4 26. Bxc4 Nb6 27. Ba5
Rxc4 28. Qe3 Rc6 0-1

[Event "TIPC 2007 Open"]
[Site "Charleroi"]
[Date "2007.07.31"]
[Round "5.5"]
[White "Ponnet, Hendrik"]
[Black "Henris, Luc"]
[Result "1/2-1/2"]
[WhiteElo "2029"]
[BlackElo "2294"]
[PlyCount "112"]

1. e4 e5 2. Nf3 d6 3. d4 exd4 4. Nxd4 Nf6 5. Nc3 Be7 6. Bf4 O-O 7. Qd2 c6 8.
O-O-O b5 9. f3 b4 10. Nb1 c5 11. Nb5 Be6 12. Bxd6 Ne8 13. Bxe7 Qxe7 14. Nd6
Nxd6 15. Qxd6 Qb7 16. Nd2 Bxa2 17. Bc4 Bxc4 18. Nxc4 Qb5 19. Ne5 b3 20. Qd3 Qe8
21. Qc3 bxc2 22. Rd6 Qe7 23. Nc4 Nd7 24. Kxc2 Rab8 25. Rhd1 Nb6 26. Nxb6 axb6
27. Rd7 {(=)} Qe6 28. R1d5 h6 29. g4 b5 30. Qxc5 Rbc8 31. Rc7 Rxc7 32. Qxc7 Qf6
33. Qc3 Qf4 34. Rxb5 Qxh2+ 35. Kb3 {(=)} Qe2 36. Kb4 Rd8 37. g5 hxg5 38. Rxg5
Rb8+ 39. Ka3 Qa6+ 40. Ra5 Qd6+ 41. b4 Qd1 42. Rg5 Ra8+ 43. Ra5 Re8 44. Re5 Ra8+
45. Ra5 Rb8 46. Rg5 g6 47. Rxg6+ fxg6 48. Qc4+ Kf8 49. Qc5+ Ke8 50. Qe5+ Kd7
51. Qxb8 Qxf3+ 52. Ka4 Qxe4 53. Ka5 Qf5+ 54. b5 g5 55. Qb7+ Kd8 56. Qb6+ Kc8 {
(=)} 1/2-1/2

[Event "TIPC 2007 Open"]
[Site "Charleroi"]
[Date "2007.07.31"]
[Round "5.7"]
[White "Noiroux, Kevin"]
[Black "Claesen, Pieter"]
[Result "0-1"]
[WhiteElo "2071"]
[BlackElo "2388"]
[PlyCount "24"]

1. d4 Nf6 2. c4 c5 3. Nf3 cxd4 4. Nxd4 b6 5. Nc3 Bb7 6. Bg5 a6 7. Bxf6 gxf6 8.
e4 e6 9. Qh5 Qc7 10. Bd3 Qd6 11. Nce2 Nc6 12. Nxc6 Qxd3 0-1

[Event "TIPC 2007 Open"]
[Site "Charleroi"]
[Date "2007.07.31"]
[Round "5.8"]
[White "De Reymaeker, Walter"]
[Black "Jadoul, Michel"]
[Result "0-1"]
[WhiteElo "2057"]
[BlackElo "2337"]
[PlyCount "62"]

1. e4 c5 2. Nc3 a6 3. g3 b5 4. Bg2 Bb7 5. d3 e6 6. Nf3 d6 7. O-O Nd7 8. Re1
Ngf6 9. h3 Be7 10. Bg5 O-O 11. g4 Ne5 12. Nxe5 dxe5 13. Ne2 Nd7 14. Bxe7 Qxe7
15. Ng3 Qg5 16. Qe2 Rfd8 17. Bf3 Rac8 18. h4 Qxh4 19. Kg2 Nf8 20. Rh1 Qe7 21.
Rh2 h6 22. Rah1 Nh7 23. Qe3 Ng5 24. Nh5 f6 25. Be2 c4 26. f4 exf4 27. Nxf4 cxd3
28. cxd3 Rc2 29. Rxh6 gxh6 30. Rxh6 e5 31. Nh5 Rxd3 0-1

[Event "TIPC 2007 Open"]
[Site "Charleroi"]
[Date "2007.07.31"]
[Round "5.9"]
[White "Mohandesi, Shahin"]
[Black "Timmermans, Daniel"]
[Result "1-0"]
[WhiteElo "2318"]
[BlackElo "2006"]
[PlyCount "55"]

1. d4 f5 2. Bg5 c6 3. e3 Qa5+ 4. Nd2 e6 5. Bd3 d5 6. Ne2 Nd7 7. Nf4 Ndf6 8. O-O
Bd6 9. c4 Bd7 10. c5 Be7 11. Nf3 Ne4 12. Bxe4 dxe4 13. Ne5 g6 14. Bxe7 Nxe7 15.
Qb3 Qb5 16. Qc2 Nd5 17. a4 Qa5 18. Nc4 Qc7 19. Nd6+ Ke7 20. Ra3 Rhg8 21. f3
exf3 22. Rxf3 g5 23. Nxd5+ cxd5 24. Rh3 Rg7 25. b4 Be8 26. Rh6 Bg6 27. Qf2 Rf8
28. Qg3 1-0

[Event "TIPC 2007 Open"]
[Site "Charleroi"]
[Date "2007.07.31"]
[Round "5.10"]
[White "Van Mechelen, Jan"]
[Black "Belva, Frederic"]
[Result "1-0"]
[WhiteElo "2292"]
[BlackElo "1986"]
[PlyCount "83"]

1. e4 Nc6 2. Nf3 e6 3. d4 d5 4. Nbd2 Nf6 5. e5 Nd7 6. Be2 f6 7. exf6 Qxf6 8.
Nf1 Bd6 9. Ne3 O-O 10. O-O Bf4 11. Ng4 Qe7 12. Bxf4 Rxf4 13. Ne3 Nb6 14. Bb5
Bd7 15. Bxc6 Bxc6 16. g3 Rff8 17. Ne5 Be8 18. c3 c5 19. f4 Bb5 20. Rf2 Rac8 21.
a4 Ba6 22. a5 Nd7 23. Nxd7 Qxd7 24. Nc2 Qf7 25. Qd2 Qg6 26. Rd1 b6 27. axb6
axb6 28. Ne1 Bc4 29. Nf3 Bb3 30. Re1 Ra8 31. Rfe2 Rf6 32. Ng5 Re8 33. Ra1 Bc4
34. Re3 cxd4 35. cxd4 h6 36. Nf3 Rxf4 37. b3 Bb5 {(=)} 38. Qb4 Re4 39. Rxe4
dxe4 40. Qxb5 Rf8 41. Qe2 e3 42. Re1 1-0

[Event "TIPC 2007 Open"]
[Site "Charleroi"]
[Date "2007.08.01"]
[Round "6"]
[White "Hetey, Laszlo"]
[Black "Buhmann, Rainer"]
[Result "1/2-1/2"]
[WhiteElo "2344"]
[BlackElo "2583"]
[PlyCount "38"]

1. d4 d5 2. Nf3 Nf6 3. c4 c6 4. Nc3 e6 5. e3 Nbd7 6. Qc2 Bd6 7. Bd3 dxc4 8.
Bxc4 O-O 9. O-O Qe7 10. Rd1 e5 11. h3 Bb8 12. a4 e4 13. Ng5 Nb6 14. Bb3 Bf5 15.
f3 Qc7 16. f4 h6 17. Nf3 Qe7 18. Ne5 a5 19. g4 Be6 1/2-1/2

[Event "TIPC 2007 Open"]
[Site "Charleroi"]
[Date "2007.08.01"]
[Round "6"]
[White "Maes, Wim"]
[Black "Hovhanisian, Mher"]
[Result "0-1"]
[WhiteElo "2319"]
[BlackElo "2422"]
[PlyCount "104"]

1. e4 c5 2. Nf3 d6 3. c3 Nf6 4. d3 g6 5. g3 Nc6 6. Nbd2 Bg7 7. Bg2 O-O 8. O-O
Rb8 9. Re1 b5 10. a3 e5 11. d4 exd4 12. cxd4 Re8 13. d5 Na5 14. b4 Nc4 15. Rb1
cxb4 16. axb4 Bg4 17. h3 Bxf3 18. Bxf3 Nd7 19. Nb3 Qf6 20. Bg4 Ndb6 21. Na5 h5
22. Bf3 Nxa5 23. Bb2 Qe7 24. Bxg7 Kxg7 25. bxa5 Nc4 26. a6 Qf6 27. Bg2 h4 28.
Qd3 Rb6 29. Rb4 hxg3 30. Qxg3 Reb8 31. Reb1 Ne5 32. f4 Nc4 33. Kh2 Qd4 34. f5
Qe5 35. fxg6 Qxg3+ 36. Kxg3 fxg6 37. Rc1 Kf6 38. Bf1 Ke5 39. Bxc4 bxc4 40. Rxb6
Rxb6 41. Rxc4 Rxa6 42. Kf3 Ra3+ 43. Kg2 a5 44. Kh2 a4 45. Kg2 g5 46. Rb4 Kf4
47. Rc4 Ra2+ 48. Kf1 a3 49. Ra4 Kf3 50. Ke1 Ra1+ 51. Kd2 a2 52. Kc3 Rc1+ 0-1

[Event "TIPC 2007 Open"]
[Site "Charleroi"]
[Date "2007.08.01"]
[Round "6"]
[White "Claessens, Pieter"]
[Black "Vanderwaeren, Serge"]
[Result "1/2-1/2"]
[WhiteElo "2388"]
[BlackElo "2225"]
[PlyCount "69"]

1. d4 Nf6 2. Nf3 b6 3. c4 Bb7 4. Nc3 e6 5. e3 Be7 6. Bd3 d5 7. cxd5 exd5 8. O-O
O-O 9. b3 Nbd7 10. Bb2 a6 11. Rc1 Bd6 12. Qc2 Qe7 13. Ne2 Ne4 14. Ne5 g6 15.
Bxe4 dxe4 16. Nc4 Rac8 17. Nxd6 cxd6 18. Qd2 d5 19. Bc3 Rfe8 20. Bb4 Qf6 21.
Nc3 Qe6 22. Ba3 Nf6 23. Rc2 Kg7 24. Rfc1 Nd7 25. Ne2 Rxc2 26. Rxc2 Rc8 27. Nf4
Qe8 28. h4 h6 29. Qc1 Rxc2 30. Qxc2 Qd8 31. Bd6 g5 32. hxg5 hxg5 33. Nh5+ Kg6
34. Ng3 f5 35. Qc7 1/2-1/2

[Event "TIPC 2007 Open"]
[Site "Charleroi"]
[Date "2007.08.01"]
[Round "6"]
[White "Jadoul, Michel"]
[Black "Smokina, Karolina"]
[Result "1-0"]
[WhiteElo "2337"]
[BlackElo "2205"]
[PlyCount "101"]

1. b3 e5 2. Bb2 d6 3. e3 Nc6 4. Nf3 f5 5. d4 e4 6. d5 Nb8 7. Nd4 Nf6 8. Nc3 a6
9. Qd2 c5 10. Ne6 Qe7 11. O-O-O Bxe6 12. dxe6 Nc6 13. Nd5 Nxd5 14. Qxd5 Nb4 15.
Qxf5 Nxa2+ 16. Kb1 Nb4 17. Bc4 O-O-O 18. Qxe4 h5 19. f4 h4 20. c3 Nc6 21. Bxa6
d5 22. Rxd5 bxa6 23. Rd7 Qxd7 24. exd7+ Kxd7 25. Rd1+ Bd6 26. Qg6 Kc7 27. Rxd6
Ne7 28. Qe6 Rxd6 29. Qxe7+ Kc6 30. Qe4+ Kb6 31. b4 c4 32. Qxc4 Rhd8 33. Qe4
Rd1+ 34. Kc2 h3 35. gxh3 R8d2+ 36. Kb3 Rd3 37. Bc1 Ka7 38. Kc2 Rd7 39. Qg2 R1d6
40. e4 g6 41. Be3+ Kb7 42. e5+ Rc6 43. Bc5 Kc7 44. Bd6+ Kb6 45. Qxg6 a5 46.
bxa5+ Kxa5 47. Qe4 Kb5 48. Qb4+ Ka6 49. c4 Rb7 50. Qa3+ Kb6 51. c5+ 1-0

[Event "TIPC 2007 Open"]
[Site "Charleroi"]
[Date "2007.08.01"]
[Round "6"]
[White "Hoffmeister, Frank"]
[Black "Thompson, Ian"]
[Result "1/2-1/2"]
[WhiteElo "2107"]
[BlackElo "2322"]
[PlyCount "45"]

1. e4 e6 2. d4 d5 3. Nd2 Nf6 4. e5 Nfd7 5. Bd3 c5 6. c3 Nc6 7. Ne2 cxd4 8. cxd4
f6 9. Nf4 Nxd4 10. Qh5+ Ke7 11. exf6+ Nxf6 12. Ng6+ hxg6 13. Qxh8 Kf7 14. Qh4
e5 15. Nf3 Nxf3+ 16. gxf3 Bf5 17. Bxf5 gxf5 18. Bg5 Qa5+ 19. Kf1 Rc8 20. Kg2
Rc4 21. Qh8 Qb4 22. Bxf6 Rg4+ 23. fxg4 1/2-1/2

[Event "TIPC 2007 Open"]
[Site "Charleroi"]
[Date "2007.08.01"]
[Round "6"]
[White "Schut, Han"]
[Black "Mohandesi, Shahin"]
[Result "1/2-1/2"]
[WhiteElo "2190"]
[BlackElo "2318"]
[PlyCount "94"]

1. e4 c5 2. Nf3 Nc6 3. d4 cxd4 4. Nxd4 Nf6 5. Nc3 e5 6. Ndb5 d6 7. Bg5 a6 8.
Na3 b5 9. Bxf6 gxf6 10. Nd5 f5 11. c3 Bg7 12. exf5 Bxf5 13. Nc2 O-O 14. Nce3
Be6 15. Bd3 f5 16. O-O Ne7 17. Nxe7+ Qxe7 18. Bxf5 Bf7 19. Be4 Rad8 20. Bd5 Kh8
21. Bxf7 Rxf7 22. Qd5 Rf4 23. g3 Rf6 24. a4 Rb8 25. b4 Qd7 26. axb5 axb5 27.
Ra8 Rxa8 28. Qxa8+ Rf8 29. Qe4 Bh6 30. Nd5 Qc6 31. Rd1 Qd7 32. Kg2 Qf7 33. Rf1
Rc8 34. f3 Rc4 35. Qd3 Qb7 36. Re1 Bg5 37. Re4 Rxe4 38. fxe4 Kg7 39. Qf1 Qc6
40. Qf5 Bd8 41. Kf3 h6 42. Qe6 Bg5 43. h4 Qc4 44. Qd7+ Kh8 45. Qe8+ Kg7 46.
hxg5 Qf1+ 47. Kg4 h5+ 1/2-1/2

[Event "TIPC 2007 Open"]
[Site "Charleroi"]
[Date "2007.08.01"]
[Round "6"]
[White "Henris, Luc"]
[Black "Dal Borgo, Albin"]
[Result "1-0"]
[WhiteElo "2294"]
[BlackElo "2147"]
[PlyCount "65"]

1. e4 e6 2. d4 d5 3. e5 c5 4. c3 Nc6 5. Nf3 Nh6 6. a3 f6 7. b4 Nf7 8. exf6 cxd4
9. cxd4 Qxf6 10. b5 Ne7 11. Be3 Nf5 12. Bd3 Bd6 13. O-O O-O 14. Ra2 e5 15. dxe5
Nxe5 16. Bxf5 Bxf5 17. Nc3 Bd3 18. Ng5 Bxf1 19. Kxf1 Kh8 20. Nxd5 Qf5 21. h3
Nc4 22. Nf3 Nxe3+ 23. Nxe3 Qxb5+ 24. Kg1 Rad8 25. Qc2 Bf4 26. Nf1 Rc8 27. Qe4
Rc1 28. Re2 h6 29. Nh4 Rc6 30. Rc2 Kg8 31. Ng6 Rd8 32. Rxc6 Qxc6 33. Ne7+ 1-0